|
|
|
|
| LEADER |
00000nab a2200000 a 4500 |
| 001 |
vtls000859288 |
| 003 |
SK-MaSNL |
| 005 |
20260304103644.0 |
| 008 |
250429c2003 xo 0 slo |
| 015 |
|
|
|a SNBRB2004/01-01771
|
| 035 |
|
|
|a CLN000210926
|
| 035 |
|
|
|a (urnnbn)urn:nbn:sk:snk:ar-0041tt
|
| 035 |
|
|
|a (uuid)99222b99-abe2-4026-a0c3-55438aa75a70
|
| 035 |
|
|
|a urn:nbn:sk:snk-ab7v50
|
| 040 |
|
|
|a SNKBUCL
|b slo
|c SNKBUCL
|e AACR2
|
| 041 |
0 |
|
|a slo
|
| 044 |
|
|
|a xo
|c SK
|
| 080 |
|
|
|a 94(569.1)"1941/1946":325.83
|2 1997
|
| 080 |
|
|
|a 94(569.3)"1941/1946":325.83
|2 1997
|
| 080 |
|
|
|a 325.83(569.1)"1941/1946"
|2 1997
|
| 080 |
|
|
|a 325.83(569.3)"1941/1946"
|2 1997
|
| 100 |
1 |
|
|a Sorby, Karol R.,
|d 1939-
|4 aut
|9 85665
|
| 245 |
1 |
0 |
|a Sýria a Libanon na ceste k nezávislosti (1941-1946)
|c Karol Sorby
|
| 504 |
|
|
|a Bibliogr. odkazy a pozn.
|
| 650 |
0 |
7 |
|a boj za nezávislosť
|z Sýria
|z Libanon
|y 1941-1946
|2 snkbucl
|9 1402425
|
| 651 |
|
7 |
|a Sýria
|x dejiny
|2 snkbucl
|9 56293
|
| 651 |
|
7 |
|a Libanon
|x dejiny
|2 snkbucl
|9 91213
|
| 655 |
|
7 |
|a články z novín a časopisov
|2 snkbucl
|9 267496
|
| 773 |
0 |
|
|t Historický časopis
|g Roč. 51, č. 3 (2003), s. 471-490
|x 0018-2575
|
| 850 |
|
|
|a Slovenská národná knižnica
|
| 852 |
|
|
|a Slovenská národná knižnica
|
| 954 |
|
|
|a odborná, vedecká literatúra pôvodná (slovenská)
|2 lita
|
| 958 |
|
|
|a article9
|
| 958 |
|
|
|a OND
|
| 958 |
|
|
|a NB
|
| 958 |
|
|
|a LB
|
| 958 |
|
|
|a SY
|
| 958 |
|
|
|a EUIPO
|
| 992 |
|
|
|a RBX
|
| 999 |
|
|
|c 2849413
|d 2851343
|